100 years of Malaria control efforts in Sri Lanka 1911-2011 (Record no. 4545)

MARC details
000 -LEADER
fixed length control field 00457nam a2200157 4500
008 - FIXED-LENGTH DATA ELEMENTS--GENERAL INFORMATION
fixed length control field 231222b |||||||| |||| 00| 0 eng d
020 ## - ISBN
ISBN 9789555335300
082 ## - DEWEY DECIMAL CLASSIFICATION NUMBER
Classification number 616.9362
Item number FER
942 ## - ADDED ENTRY ELEMENTS (KOHA)
Item Type Reports
100 ## - MAIN ENTRY--PERSONAL NAME
Personal Name Fernando, Punsiri
700 ## - ADDED ENTRY--PERSONAL NAME
Personal name Warusavithana, Supriya
245 ## - TITLE STATEMENT
Title 100 years of Malaria control efforts in Sri Lanka 1911-2011
260 ## - PUBLICATION, DISTRIBUTION, ETC. (IMPRINT)
Place of Publication [n.s.]:
Name of Publisher [M&S associates],
Date of Copyright 2011
300 ## - PHYSICAL DESCRIPTION
Extent 123 p.
Physical Details Bibliography included
650 ## - SUBJECT ADDED ENTRY--TOPICAL TERM
Topical Term MALARIOLOGY
Holdings
Withdrawn status Lost status Source of classification or shelving scheme Damaged status Not for loan Permanent location Current location Date acquired Total Checkouts Full call number Barcode Date last seen Price effective from Koha item type
    Dewey Decimal Classification     Resource center, Muslim Women's Research And Action Forum Resource center, Muslim Women's Research And Action Forum 2023-12-22   616.9362 FER RAF4602 2023-12-22 2023-12-22 Reports

Copyright © 2023 Muslim Women's Research and Action Forum (MWRAF), No 27/3, Anderson Road, Kalubowila, Dehiwela. Funded by The Asia Fundation